Welcome to CU Library Online Public Access Catalogue (OPAC)

International economics; (Record no. 5244)

MARC details
000 -LEADER
fixed length control field 00471nam a22001697a 4500
005 - DATE AND TIME OF LATEST TRANSACTION
control field 20250327101824.0
008 - FIXED-LENGTH DATA ELEMENTS--GENERAL INFORMATION
fixed length control field 250327b |||||||| |||| 00| 0 eng d
020 ## - INTERNATIONAL STANDARD BOOK NUMBER
International Standard Book Number 9780321116390
050 ## - LIBRARY OF CONGRESS CALL NUMBER
Classification number HF1411
Item number KRU
100 ## - MAIN ENTRY--PERSONAL NAME
Personal name Krugman, Paul R.
245 ## - TITLE STATEMENT
Title International economics;
Remainder of title Theory and policy
250 ## - EDITION STATEMENT
Edition statement 6th
260 ## - PUBLICATION, DISTRIBUTION, ETC.
Place of publication, distribution, etc. Boston
Name of publisher, distributor, etc. Elm Street Publishing Services, Inc.
Date of publication, distribution, etc. c2003
300 ## - PHYSICAL DESCRIPTION
Extent xxix, 753p;
Other physical details ill.;
700 ## - ADDED ENTRY--PERSONAL NAME
Personal name Obstfeld, Maurice
942 ## - ADDED ENTRY ELEMENTS (KOHA)
Source of classification or shelving scheme Library of Congress Classification
Koha item type Books
Suppress in OPAC No
999 ## -
-- 5244
-- 5244
Holdings
Withdrawn status Lost status Source of classification or shelving scheme Damaged status Not for loan Collection Home library Current library Shelving location Date acquired Total checkouts Full call number Barcode Date last seen Copy number Price effective from Koha item type
    Library of Congress Classification     Non-fiction Undergraduate Library (Christ Temple) Undergraduate Library (Christ Temple) General stacks 03/27/2025   HF1411 KRU ulct00002003 03/27/2025 1 03/27/2025 Books
© 2023-2024 Copyright: Central University Libraries. All Rights Reserved | Created by: Mahone Tech Office